| 000 | 00490nam a2200217 a 4500 | ||
|---|---|---|---|
| 999 |
_c32939 _d32939 |
||
| 001 | 32939 | ||
| 003 | Mx-PuUPA | ||
| 005 | 20190617091235.0 | ||
| 008 | 140415s2006 mx 000 0 spa d | ||
| 020 | _a9789706125620 | ||
| 040 | _cMx-PuUPA | ||
| 041 | _aspa | ||
| 082 |
_a265 _bDEU |
||
| 100 | 1 | _aBENEDICTO, PAPA | |
| 245 | 1 | 0 | _aDIOS ES AMOR |
| 250 | _a13A EDICIÓN | ||
| 260 |
_aMEXICO : _bSAN PABLO, _c2006 |
||
| 300 |
_a70 _c13 x 1 x 22 |
||
| 650 | 1 | 4 | _aRELIGION |
| 942 |
_2ddc _cLI |
||